MARC

LEADER 00000nam0a2200000 4500
001 138474
005 20231031141448.0
035 |a (RuTPU)RU\TPU\book\150045 
090 |a 138474 
100 |a 20080526d1975 m y0rusy50 ca 
101 0 |a rus 
102 |a RU 
105 |a a z 001zy 
200 1 |a Факторный анализ в производстве  |f А. М. Длин 
210 |a Москва  |c Статистика  |d 1975 
215 |a 328 с.  |c ил. 
320 |a Список литературы: с. 325-326. 
610 1 |a факторный анализ 
610 1 |a производство 
610 1 |a распределение 
675 |a 658.5  |v 3 
700 1 |a Длин  |b А. М.  |g Александр Михайлович 
801 1 |a RU  |b 63413507  |c 20080526  |g PSBO 
801 2 |a RU  |b 63413507  |c 20081117  |g PSBO 
942 |c BK